The Future Internet: Future Internet Assembly 2012: From Promises to Reality (Record no. 294755)
[ view plain ]
| 000 -LEADER | |
|---|---|
| fixed length control field | 00472nam a2200121Ia 4500 |
| 008 - FIXED-LENGTH DATA ELEMENTS--GENERAL INFORMATION | |
| fixed length control field | 160523s9999 xx 000 0 und d |
| 100 ## - MAIN ENTRY--PERSONAL NAME | |
| Personal name | Alvarez, Federico. |
| 245 #4 - TITLE STATEMENT | |
| Title | The Future Internet: Future Internet Assembly 2012: From Promises to Reality |
| 245 ## - TITLE STATEMENT | |
| Statement of responsibility, etc | Federico Álvarez --- Frances Cleary --- Petros Daras --- John Domingue --- et al. |
| 260 ## - PUBLICATION, DISTRIBUTION, ETC. (IMPRINT) | |
| Date of publication, distribution, etc | 2012 |
| 650 ## - SUBJECT ADDED ENTRY--TOPICAL TERM | |
| General subdivision | Information Technology. |
| 856 ## - ELECTRONIC LOCATION AND ACCESS | |
| Uniform Resource Identifier | <a href="http://link.springer.com/book/10.1007%2F978-3-642-30241-1">http://link.springer.com/book/10.1007%2F978-3-642-30241-1</a> |
| Withdrawn status | Lost status | Damaged status | Home library | Current library | Date acquired | Total Checkouts | Date last seen | Price effective from | Koha item type |
|---|---|---|---|---|---|---|---|---|---|
| College Library | College Library | 05/23/2016 | 05/23/2016 | 05/23/2016 | Curriculum - Based eBooks |